| 000 | 00361nam a2200121Ia 4500 | ||
|---|---|---|---|
| 008 | 230907s9999||||xx |||||||||||||| ||und|| | ||
| 082 |
_a621.31913 _bSEN |
||
| 100 |
_aSen, Kalyan K. _9115583 |
||
| 245 | 0 | _aIntroduction to FACTS controllers : | |
| 260 |
_aWiley ; | IEEE Press, _bHoboken, N.J. : | Piscataway, NJ : _c2009 |
||
| 300 | _axxi, 521 p. : | ||
| 942 | _cBK | ||
| 999 |
_c598878 _d598878 |
||